East Asian Countries English To Turkish - Statistics

General Stats
  • This quiz has been taken 202 times
  • The average score is 6 of 6
Answer Stats
English Türkçe % Correct
China Çin
99%
South Korea Güney Kore
99%
Japan Japonya
99%
North Korea Kuzey Kore
99%
Taiwan Tayvan
97%
Mongolia Moğolistan
91%
No matching quizzes found
Score Distribution
Percent of People with Each Score
Percentile by Number Answered
Your Score History
You have not taken this quiz